<?xml version="1.0" encoding="UTF-8"?>
<collection xmlns="http://www.loc.gov/MARC21/slim">
<record>
  <controlfield tag="001">99338</controlfield>
  <controlfield tag="005">20231023123343.0</controlfield>
  <datafield tag="024" ind1="7" ind2=" ">
    <subfield code="2">doi</subfield>
    <subfield code="a">10.1017/dsi.2019.88</subfield>
  </datafield>
  <datafield tag="024" ind1="8" ind2=" ">
    <subfield code="2">sideral</subfield>
    <subfield code="a">122896</subfield>
  </datafield>
  <datafield tag="037" ind1=" " ind2=" ">
    <subfield code="a">ART-2019-122896</subfield>
  </datafield>
  <datafield tag="041" ind1=" " ind2=" ">
    <subfield code="a">eng</subfield>
  </datafield>
  <datafield tag="100" ind1=" " ind2=" ">
    <subfield code="a">Sanz-Segura, R.</subfield>
    <subfield code="u">Universidad de Zaragoza</subfield>
    <subfield code="0">(orcid)0000-0001-9716-9790</subfield>
  </datafield>
  <datafield tag="245" ind1=" " ind2=" ">
    <subfield code="a">Alarm compliance in healthcare: Design considerations for actionable alarms (in intensive care units)</subfield>
  </datafield>
  <datafield tag="260" ind1=" " ind2=" ">
    <subfield code="c">2019</subfield>
  </datafield>
  <datafield tag="506" ind1="0" ind2=" ">
    <subfield code="a">Access copy available to the general public</subfield>
    <subfield code="f">Unrestricted</subfield>
  </datafield>
  <datafield tag="520" ind1="3" ind2=" ">
    <subfield code="a">Intensive care units are technologically advanced environments that are designed to safeguard the patient while their vitals are stabilized for further treatment. Audible and visual alarms are part of the healthcare ecology. However, these alarms are so many that clinicians suffer from a syndrome called "alarm fatigue" and often do not comply with the task alarm is conveying. Measuring compliance with rules in the workspace and determining the success of a system belongs to the field of ergonomics and is based on data collected through task observations and scoring. In this paper, we will explore compliance with critical alarms by not only from their potential success or failure perspective but also from the perspectives of the clinician capacity, needs, and motivations to comply with alarms in critical environments. We will finally, reflect on further possible design strategies to increase compliance in critical care that are beyond following rules per se but through intrinsic motivation.</subfield>
  </datafield>
  <datafield tag="540" ind1=" " ind2=" ">
    <subfield code="9">info:eu-repo/semantics/openAccess</subfield>
    <subfield code="a">by-nc-nd</subfield>
    <subfield code="u">http://creativecommons.org/licenses/by-nc-nd/3.0/es/</subfield>
  </datafield>
  <datafield tag="592" ind1=" " ind2=" ">
    <subfield code="a">0.22</subfield>
    <subfield code="b">2019</subfield>
  </datafield>
  <datafield tag="593" ind1=" " ind2=" ">
    <subfield code="a">Computer Networks and Communications</subfield>
    <subfield code="c">2019</subfield>
  </datafield>
  <datafield tag="593" ind1=" " ind2=" ">
    <subfield code="a">Electrical and Electronic Engineering</subfield>
    <subfield code="c">2019</subfield>
  </datafield>
  <datafield tag="593" ind1=" " ind2=" ">
    <subfield code="a">Radiation</subfield>
    <subfield code="c">2019</subfield>
  </datafield>
  <datafield tag="593" ind1=" " ind2=" ">
    <subfield code="a">Industrial and Manufacturing Engineering</subfield>
    <subfield code="c">2019</subfield>
  </datafield>
  <datafield tag="593" ind1=" " ind2=" ">
    <subfield code="a">Modeling and Simulation</subfield>
    <subfield code="c">2019</subfield>
  </datafield>
  <datafield tag="593" ind1=" " ind2=" ">
    <subfield code="a">Engineering (miscellaneous)</subfield>
    <subfield code="c">2019</subfield>
  </datafield>
  <datafield tag="655" ind1=" " ind2="4">
    <subfield code="a">info:eu-repo/semantics/article</subfield>
    <subfield code="v">info:eu-repo/semantics/publishedVersion</subfield>
  </datafield>
  <datafield tag="700" ind1=" " ind2=" ">
    <subfield code="a">Manchado Pérez, E.</subfield>
    <subfield code="u">Universidad de Zaragoza</subfield>
    <subfield code="0">(orcid)0000-0003-1042-7924</subfield>
  </datafield>
  <datafield tag="700" ind1=" " ind2=" ">
    <subfield code="a">Özcan, E.</subfield>
  </datafield>
  <datafield tag="710" ind1="2" ind2=" ">
    <subfield code="1">5002</subfield>
    <subfield code="2">305</subfield>
    <subfield code="a">Universidad de Zaragoza</subfield>
    <subfield code="b">Dpto. Ingeniería Diseño Fabri.</subfield>
    <subfield code="c">Área Expresión Gráfica en Ing.</subfield>
  </datafield>
  <datafield tag="773" ind1=" " ind2=" ">
    <subfield code="g">2019, August (2019), 839-846</subfield>
    <subfield code="t">Proceedings of the International Conference on Engineering Design, ICED</subfield>
    <subfield code="x">2220-4334</subfield>
  </datafield>
  <datafield tag="856" ind1="4" ind2=" ">
    <subfield code="s">211271</subfield>
    <subfield code="u">http://zaguan.unizar.es/record/99338/files/texto_completo.pdf</subfield>
    <subfield code="y">Versión publicada</subfield>
  </datafield>
  <datafield tag="856" ind1="4" ind2=" ">
    <subfield code="s">1512989</subfield>
    <subfield code="u">http://zaguan.unizar.es/record/99338/files/texto_completo.jpg?subformat=icon</subfield>
    <subfield code="x">icon</subfield>
    <subfield code="y">Versión publicada</subfield>
  </datafield>
  <datafield tag="909" ind1="C" ind2="O">
    <subfield code="o">oai:zaguan.unizar.es:99338</subfield>
    <subfield code="p">articulos</subfield>
    <subfield code="p">driver</subfield>
  </datafield>
  <datafield tag="951" ind1=" " ind2=" ">
    <subfield code="a">2023-10-23-12:21:27</subfield>
  </datafield>
  <datafield tag="980" ind1=" " ind2=" ">
    <subfield code="a">ARTICLE</subfield>
  </datafield>
</record>
</collection>